000 00379nam a2200133Ia 4500
005 20251222143117.0
008 251222s9999||||xx |||||||||||||| ||spa||
020 _a84-7908-429-4
082 _a331.56/M26
100 _aMartí Sempere, Mónica
245 0 _aEl Seguro de Desempleo en el Mercado de Trabajo Español (1984-1992)
264 _bUniversidad de Alicante
942 _cLIB
999 _c11404
_d11404